Learning and the learner : (Record no. 38900)

MARC details
000 -LEADER
fixed length control field 01818nam a22003017a 4500
005 - DATE AND TIME OF LATEST TRANSACTION
control field 20100803115855.0
010 ## - LCCN (DPL NO)
LC control number ENG-97867 B-423557-560
020 ## - INTERNATIONAL STANDARD BOOK NUMBER
International Standard Book Number 9788120341104
Terms of availability 195.00
035 ## - SYSTEM CONTROL NUMBER
System control number EN-81400
035 ## - SYSTEM CONTROL NUMBER
System control number B-423557-560
037 ## - SOURCE OF ACQUISITION
Source of stock number/acquisition DBAD/PUB
037 ## - SOURCE OF ACQUISITION
Source of stock number/acquisition Allied Publishers
082 ## - DEWEY DECIMAL CLASSIFICATION NUMBER
Classification number 370.152
100 ## - MAIN ENTRY--PERSONAL NAME
Personal name Gowda, N Sukumar
245 ## - TITLE STATEMENT
Title Learning and the learner :
Remainder of title Insights into the processes of learning and teaching /
Statement of responsibility, etc by N Sukumar Gowda
260 ## - PUBLICATION, DISTRIBUTION, ETC. (IMPRINT)
Place of publication, distribution, etc New Delhi
Name of publisher, distributor, etc PHI Learning
Date of publication, distribution, etc 2010
270 ## - ADDRESS
Address M-97, Connaught Circus
City New Delhi
Postal code 110006
300 ## - PHYSICAL DESCRIPTION
Extent viii,244p
Dimensions 22cm(pbk)
500 ## - GENERAL NOTE
General note includes bibliographical references and index
650 ## - SUBJECT ADDED ENTRY--TOPICAL TERM
Topical term or geographic name as entry element learning Psychology
942 ## - ADDED ENTRY ELEMENTS (KOHA)
Source of classification or shelving scheme Dewey Decimal Classification
Item type English Books
Classification part 370.152
Call number suffix GOW
Holdings
Withdrawn status Lost status Not for loan Collection code Home library Current library Date acquired Source of acquisition Cost, normal purchase price Full call number Barcode Copy number Cost, replacement price Koha item type
      Non-fiction Central Library Central Library 02/08/2011 Allied Publishers/CR/0002704/17.3.11/75/4.3.11/17.3.11 195.00 370.152 GOW B-423557 1 195.00 English Books
    Not For Loan Non-fiction D.B.Act.Division D.B.Act.Division 03/08/2010 DBAD/PUB 195.00 370.152 GOW EN-81400 1 195.00 English Books
      Non-fiction Patel Nagar Patel Nagar 02/08/2011 Allied Publishers/CR/0002704/17.3.11/75/4.3.11/17.3.11 195.00 370.152 GOW B-423558 1 195.00 English Books
      Non-fiction Sarojini Nagar Sarojini Nagar 02/08/2011 Allied Publishers/CR/0002704/17.3.11/75/4.3.11/17.3.11 195.00 370.152 GOW B-423559 1 195.00 English Books
      Non-fiction Shahdara Branch Shahdara Branch 02/08/2011 Allied Publishers/CR/0002704/17.3.11/75/4.3.11/17.3.11 195.00 370.152 GOW B-423560 1 195.00 English Books

© Delhi Public Library
Hit Counter
free hit counter